000 00544nmm a2200181Ia 4500
008 251105s9999||||xx |||||||||||||||||und||
020 _a9788497887229
041 _aspa
100 _aBarceló García, Miquel
245 0 _aEl Big Bang y La ciencia ficción
264 _a[Madrid, España] :
_bUniversitat Oberta de Catalunya,
_c2008
300 _a200 páginas
650 _aSciences
700 _aBarceló García, Miquel
700 1 _a Sanromà Lucía, Manuel
856 _uhttps://public.digitaliapublishing.com/a/20055
942 _cCF
999 _c62496
_d62496